000 00655nam a22002177a 4500
005 20170124110228.0
010 _a198733
020 _c00.00
035 _a198733
037 _bCen Lib/Ret
040 _aDPL
_bEN
082 _a484.03
_bDUT
100 _aDutch, Robert A.
_941048
245 _aRoget's thesaurus of English words and phrases /
_cby Robert A.Dutch
260 _aLondon
_bLongmans,Green and Co.
_c1962
270 _a48 Grosvenor Street
_bLondon
300 _alii,1309p.
_c22cm(Hb)
650 _aEnglish language -- Synonyms and antonyms
_922546
650 _aEnglish language
_91922
942 _2ddc
_cEN
_h484.03
_mDUT
999 _c134546
_d134546